00724nam a2200241 a 4500001001300000003000900013005001700022008004100039020001000080082001600090100001600106245004500122260003500167300000900202500003500211505003300246650002600279700001600305902000800321942000700329952012900336999001700465nice12345678IN_TiNIC20260116013721.0050524s1997 dela grp 000 0 eng  ac50000a297.65bTAH aTaher, Mohd aEducational Developments in Muslim World aDelhibAnmol Publishers c1997 a281p aincludes index and biblioraphy2 aSelected Bibliography, Index aOrganizations-Muslims1 aTaher, Mohd bSRS cBK 001040708StackRoom-aHMIbHMId2007-07-10g500.00l1o297.65 TAHp017999r2017-11-06s2017-10-31v500.00w2005-05-24yBK c12126d12126